| 000 | 00723nam a2200265Ia 4500 | ||
|---|---|---|---|
| 005 | 20260302114021.0 | ||
| 008 | 008 260114s9999 xx 000 0 eng d | ||
| 020 | _a9781978725874 | ||
| 037 | _aTextbook | ||
| 040 | _aCRL | ||
| 040 | _beng | ||
| 040 | _cCRL | ||
| 041 | _2eng | ||
| 041 | _aeng | ||
| 084 | _qCRL | ||
| 100 |
_aI. M. Nick _91042914 |
||
| 245 | 0 | _aPersonal Names, Hitler, and the Holocaust A Socio-Onomastic Study of Genocide and Nazi Germany | |
| 260 | _bBloomsbury | ||
| 260 | _bLexington Books | ||
| 260 | _c2019 | ||
| 650 | _aLinguistics | ||
| 856 | _uhttps://doi.org/10.5040/9781978725874?locatt=label:secondary_bloomsburyCollections | ||
| 942 | _cEBOOK | ||
| 999 |
_c1681046 _d1681046 |
||